Engineering Design / A Systematic Approach (Record no. 5050)
[ view plain ]
| 000 -LEADER | |
|---|---|
| fixed length control field | 01396cam a22002174a 4500 |
| 005 - ΗΜΕΡΟΜΗΝΙΑ ΚΑΙ ΩΡΑ ΤΕΛΕΥΤΑΙΑΣ ΕΝΗΜΕΡΩΣΗΣ | |
| Πεδίο ελέγχου | 20250605164203.0 |
| 008 - FIXED-LENGTH DATA ELEMENTS--GENERAL INFORMATION | |
| Πεδίο ελέγχου σταθερού μήκους | 250528s ||||||||||||||||||||||||d |
| 035 ## - SYSTEM CONTROL NUMBER | |
| System control number | 19801 |
| 020 ## - ISBN | |
| ISBN | 3540504427 |
| 040 ## - ΠΗΓΗ ΚΑΤΑΛΟΓΟΓΡΑΦΗΣΗΣ | |
| Φορέας πρωτότυπης καταλογογράφησης | MC Athens Campus Library |
| Γλώσσα καταλογογράφησης | Ελληνικά, Μοντέρνα (1453-) |
| Modifying agency | MC Athens Campus Library |
| Κανόνες περιγραφικής καταλογογράφησης | AACR2 |
| 245 1# - ΤΙΤΛΟΣ ΚΑΙ ΔΗΛΩΣΗ ΥΠΕΥΘΥΝΟΤΗΤΑΣ | |
| Τίτλος | Engineering Design / A Systematic Approach |
| 250 ## - EDITION STATEMENT | |
| Edition statement | 1st |
| 260 ## - PUBLICATION, DISTRIBUTION, ETC. | |
| Name of publisher, distributor, etc. | Springler Verlag, |
| Date of publication, distribution, etc. | 1988 |
| 300 ## - PHYSICAL DESCRIPTION | |
| Extent | 402 |
| 520 ## - SUMMARY, ETC. | |
| Summary, etc. | This book lays down a strategy for this process and brings together the extensive body of knowledge about modern approaches to systematic design. Introduction, The Scope of Design, The Development of Systematic Design, Modern Design Methods, Fundamentals, Fundamentals of Engineering Systems, Fundamental of the Systematic Approach, The Design Process, General Problem Solving, Flow of Work During the Design Process, Product Planning and Clarification of the Task, Conceptual Design, Steps of Conceptual Design, Establishing Function Structures, Searching for Solution Principles to Fulfil the Sub-Functions, Methods with an Intuitive Bias, Methods with a Discursive Bias, Examples of Conceptual Design, Embodiment Design, Coping with Design Faults and Disturbing Factors and Risks, Developing Size Ranges and Modular Products, Summary, References, English Bibliography, Index. |
| 700 1# - ΠΡΟΣΘΕΤΗ ΑΝΑΓΡΑΦΗ--ΦΥΣΙΚΟ ΠΡΟΣΩΠΟ | |
| Personal name | Beitz W. |
| 9 (RLIN) | 5985 |
| 700 1# - ΠΡΟΣΘΕΤΗ ΑΝΑΓΡΑΦΗ--ΦΥΣΙΚΟ ΠΡΟΣΩΠΟ | |
| Personal name | Pahl G |
| 9 (RLIN) | 5986 |
| 942 ## - ADDED ENTRY ELEMENTS (KOHA) | |
| Koha item type | Books |
| Τύπος τεκμηρίου | Βιβλιοθήκη | Τρέχουσα τοποθεσία | Barcode | Αριθμός εισαγωγής | Ημερομηνία απόκτησης | Ταξιθετικό σύμβολο | Αριθμός αντιτύπου | Κατάσταση απόσυρσης | Κατάσταση χαμένου | Κατάσταση κατεστραμμένου | Μη δανεισμός | Σύνολο δανεισμών | Ημερομηνία τελευταίας εμφάνισης | Η τιμή ισχύει από |
|---|---|---|---|---|---|---|---|---|---|---|---|---|---|---|
| Books | MC Athens Campus Library | MC Athens Campus Library | 9780000050496 | 5896 | 05/06/2025 | 620/.00425 PAH | 1 | 05/06/2025 | 05/06/2025 |